<?xml version="1.0" encoding="UTF-8"?>
<marc:record xmlns:marc="http://www.loc.gov/MARC21/slim">
   <marc:leader>00000nam a2200000 a 4500</marc:leader>
   <marc:datafield ind1="0" ind2="0" tag="245">
      <marc:subfield code="a">S 29</marc:subfield>
   </marc:datafield>
   <marc:datafield ind1="0" ind2="0" tag="245">
      <marc:subfield code="b">Syrow-Sammlung;</marc:subfield>
   </marc:datafield>
   <marc:datafield ind1="1" ind2=" " tag="490">
      <marc:subfield code="a">Schwarzer Ordner; 29</marc:subfield>
   </marc:datafield>
   <marc:datafield ind1="1" ind2=" " tag="520">
      <marc:subfield code="a">600 Jahre Johannes von Nepomuk - Franz Caramelle#Ballonfahren in Tirol - Wolfgang Rairz, Hermann Fercher#Paracelsus in Tirol - Helmut Schinagl#600 Jahre Kufstein - Meinrad Pizzinini#Oswald Haller - Helga Reichart#Norbert Drexel - Eleonore Gürtler#Mozart in Tirol - Helmut Schinagl#Alpbach - Hanna Molden#Nagl Walter - Volkmar Hauser#Osttirol - Kunst - Lebenshilfe Osttirol - Rudolf Ingruber#Paul Flora - Godele von der Decken#100 Jahre Reimmichl - Walter Winfried Sackl#Intendant Wlasak - 25 Jahre Tiroler Landestheater - Jutta Höpfel#Mozart - Jutta Höpfel#Biochemie Kundl - Andreas Hauser#Wipptal - Geschichte, Landschaft, Kultur - Egon Pinzer#Hilde Nöbl - Helga Reichart#</marc:subfield>
   </marc:datafield>
   <marc:datafield ind1=" " ind2=" " tag="041">
      <marc:subfield code="a">ger</marc:subfield>
   </marc:datafield>
</marc:record>
